How My Lord Helps Me (Record no. 549483)
[ view plain ]
| 000 -LEADER | |
|---|---|
| fixed length control field | 00391nam a22001457a 4500 |
| 082 ## - DEWEY DECIMAL CLASSIFICATION NUMBER | |
| Classification number | 922.975492 |
| Author Mark | MOH |
| -- | L-19, P-84 |
| 100 ## - MAIN ENTRY--PERSONAL NAME | |
| Personal name | Alhajj Sardar Mohammad Abdul Hamid |
| 9 (RLIN) | 46140 |
| 245 ## - TITLE STATEMENT | |
| Title | How My Lord Helps Me |
| 250 ## - EDITION STATEMENT | |
| Edition statement | 1982 |
| 260 ## - PUBLICATION, DISTRIBUTION, ETC. | |
| Name of publisher, distributor, etc. | Rashid & Sons, Printers Publishers |
| 300 ## - PHYSICAL DESCRIPTION | |
| Extent | 102 P, : |
| 526 ## - STUDY PROGRAM INFORMATION NOTE | |
| Program name | 0 |
| Interest level | 0 |
| Reading level | 0 |
| Title point value | 922_975492000000000_MOH |
| 650 ## - SUBJECT ADDED ENTRY--TOPICAL TERM | |
| Topical term or geographic name entry element | MCE |
| 9 (RLIN) | 379 |
| 942 ## - ADDED ENTRY ELEMENTS (KOHA) | |
| Source of classification or shelving scheme | |
| Koha item type | Book |
| Withdrawn status | Lost status | Source of classification or shelving scheme | Damaged status | Not for loan | Permanent Location | Current Location | Date acquired | Total Checkouts | Full call number | Barcode | Date last seen | Price effective from | Koha item type |
|---|---|---|---|---|---|---|---|---|---|---|---|---|---|
| Military College of Engineering (MCE) | Military College of Engineering (MCE) | 09/25/2014 | 922.975492 MOH | MCE-41203 | 09/25/2014 | 09/25/2014 | Book |
